Chuyển đến nội dung
Inicio
Centros participantes
Catálogo
Servicios
Contacto
Đăng nhập
English
Deutsch
Español
Français
Italiano
日本語
Nederlands
Português
Português (Brasil)
中文(简体)
中文(繁體)
Türkçe
עברית
Gaeilge
Cymraeg
Ελληνικά
Català
Euskara
Русский
Čeština
Suomi
Svenska
polski
Dansk
slovenščina
اللغة العربية
বাংলা
Galego
Tiếng Việt
Hrvatski
हिंदी
Հայերէն
Українська
Sámegiella
Ngôn ngữ
Tất cả các trường
Tiêu đề
Tác giả
Chủ đề
Số hiệu
số ISBN/ISSN
Nhãn
Tìm kiếm
Nâng cao
Exportaciones SGP de Centroamé...
Trích dẫn điều này
Email này
In
Xuất bản ghi
Xuất tới RefWorks
Xuất tới EndNoteWeb
Xuất tới EndNote
Lưu vào danh sách
Liên kết dài hạn
Agregar primera valuación
Exportaciones SGP de Centroamérica hacia los Estados Unidos de América durante el período 1976-1983
Đã lưu trong:
Chi tiết về thư mục
Tác giả của công ty:
SIECA
Định dạng:
Texto
Được phát hành:
Guatemala:
SIECA
Các nhãn:
Thêm thẻ
Không có thẻ, Là người đầu tiên thẻ bản ghi này!
Đang giữ
Miêu tả
Những bình luận
Những quyển sách tương tự
Chế độ xem nhân viên
MARC
LEADER
00000 a a2200000 04500
001
24062
003
040
090
|a
171100
110
|a
SIECA
245
|a
Exportaciones SGP de Centroamérica hacia los Estados Unidos de América durante el período 1976-1983
260
|a
Guatemala:
|b
SIECA
300
|a
52 p.
|b
**no definido**
999
|c
15468
|d
15468
Những quyển sách tương tự
Exportaciones SGP de Centroamérica durante el período 1978-1983 a los siguientes países: Comunidad Económica Europea, Japón, Canadá, Suiza, Finlandia, Noruega, Suecia, Austria, Australia, Nueva Zelandia, Bulgaria, Hungría, Polonia y Checoslovaquia
Anteproyecto acuerdo marco de cooperación entre la comunidad económica Europea y los países del Istmo Centroamericano
Los Países centroamericanos y el Acuerdo General sobre Aranceles Aduaneros y Comercio (GATT)
Experiencias de la aplicación del Convenio sobre el Régimen de Industrias Centroamericanas de Integración
Bằng: Aguilera, Laura Q. de
El Pensamiento económico de Aristóteles a Marshall: ensayos /
Bằng: Spengler, Joseph J.